Normal view
MARC view
- Sdinger Jacob
Entry Personal Name
001 - CONTROL NUMBER
- control field: 6360
003 - CONTROL NUMBER IDENTIFIER
- control field: OSt
005 - DATE AND TIME OF LATEST TRANSACTION
- control field: 20220708093421.0
008 - FIXED-LENGTH DATA ELEMENTS
- fixed length control field: 220708|| aca||aabn | a|a d
040 ## - CATALOGING SOURCE
- Original cataloging agency: OSt
- Transcribing agency: OSt
100 ## - HEADING--PERSONAL NAME
- Personal name: Sdinger Jacob
670 ## - SOURCE DATA FOUND
- Source citation: Work cat.: (OSt)6813: Sdinger Jacob, Apparel Manufacturing Analysis chapter( 1 to XV)